Brands Owned and/or Produced by the Hershey Company - Statistics

General Stats
  • This quiz has been taken 13 times
  • The average score is 9 of 35
Answer Stats
Brand Name % Correct
Hershey's
83%
Reese's
75%
Twizzlers
67%
Jolly Rancher
58%
KitKat
42%
York
42%
Almond Joy
33%
Heath
33%
IceBreakers
33%
Mounds
33%
Zero
33%
Cadbury
25%
Good & Plenty
25%
Milk Duds
25%
Mr. Goodbar
25%
Payday
25%
SkinnyPop
25%
Whoppers
25%
Zagnut
25%
5th Avenue
17%
Breath Savers
17%
Brookside
17%
Bubble Yum
17%
Hershey's Kisses
17%
Pirate's Booty
17%
Rolo
17%
Whatchamacallit
17%
barkTHINS
8%
Dot's Homestyle Pretzels
8%
Fulfil
8%
Honest Organic Gummies
8%
Lily's
8%
One Brands
8%
Skor
8%
Symphony
8%
No matching quizzes found
Score Distribution
Percent of People with Each Score
Percentile by Number Answered
Your Score History
You have not taken this quiz